| 000 | 00611nam a2200217Ia 4500 | ||
|---|---|---|---|
| 005 | 20241129104303.0 | ||
| 008 | 241129s9999||||xx |||||||||||||| ||und|| | ||
| 020 | _a9789393547095 | ||
| 037 | _aTextual | ||
| 040 |
_aRTL _beng _cRTL |
||
| 041 |
_aeng _2eng |
||
| 084 |
_aY9(T4).2 R3 _qRTL |
||
| 100 | _aChaudhary Vijayata | ||
| 245 | 0 |
_aDevelopment of education _cChaudhary Vijayata |
|
| 260 |
_aNew Delhi _bGood Will Publications Publishing _c2023 |
||
| 300 | _avii 212p. | ||
| 365 |
_aINR _bRs.1695.00 |
||
| 650 | _aEducation | ||
| 942 |
_cTB _hY9(T4).2 R3 |
||
| 999 |
_c1225235 _d1225235 |
||